Dictionnaire des apocryphes (Record no. 153479)

MARC details
000 -LEADER
campo de control de longitud fija 01100nam a2200181 i 4500
001 - NÚMERO DE CONTROL
campo de control 153479
003 - IDENTIFICADOR DE NÚMERO DE CONTROL
campo de control ES-MaACL
005 - FECHA Y HORA DE LA ÚLTIMA TRANSACCIÓN
campo de control 20230906205236.0
008 - DATOS DE LONGITUD FIJA--INFORMACIÓN GENERAL
campo de control de longitud fija 971020m18561858fr |||| | fre d
040 ## - FUENTE DE CATALOGACIÓN
Centro catalogador/agencia de origen CYL
Lengua de catalogación spa
Centro/agencia transcriptor CYL
245 00 - MENCIÓN DEL TÍTULO
Título Dictionnaire des apocryphes
Resto del título : ou Collection de tous les livres apocryphes relatifs a l'Ancien et au Nouveau Testament /
Mención de responsabilidad, etc. traduits en français, pour la première fois sur les textes originaux [par F. Tempestini] ; enrichie de préfaces, dissertations critiques, notes historiques ... ; publiée par M. l'Abbé Migne ...
260 ## - PUBLICACIÓN, DISTRIBUCIÓN, ETC.
Lugar de publicación, distribución, etc. Paris :
Nombre del editor, distribuidor, etc. chez J.-P. Migne,
Fecha de publicación, distribución, etc. 1856-1858 (
Fabricante Imprimerie Migne)
300 ## - DESCRIPCIÓN FÍSICA
Extensión 2 v.(LXXI p., 1296 col. ; 11 p., 1324 col.) ;
Dimensiones 29 cm.
490 1# - MENCIÓN DE SERIE
Mención de serie Encyclopédie théologique ou Troisiéme et dernière serie de dictionnaires sur toutes les parties de la science religieuse ;
Designación de volumen o secuencia 23-24
830 0# - PUNTO DE ACCESO ADICIONAL DE SERIE-TÍTULO UNIFORME
Título uniforme Encyclopédie théologique ou Troisiéme et dernière serie de dictionnaires sur toutes les parties de la science religieuse ;
Designación de volumen o secuencia 23-24
9 (RLIN) 221410
852 ## - LOCALIZACIÓN
Ubicación ES-MaACL
Número de control de estantería B-11268
Nota libre -- Enc. hol.
condición física -- Solo T.I
Holdings
Estatus retirado Estado de pérdida Estado de daño No para préstamo Colección Biblioteca de origen Biblioteca actual Ubicación en estantería Fecha de adquisición Fuente de adquisición Total de préstamos Signatura topográfica completa Código de barras Visto por última vez Precio de reemplazo Tipo de ítem Koha
        Libros del s. XIX Biblioteca del Ateneo de Madrid Biblioteca del Ateneo de Madrid Sala Pardo Bazán 17/01/2008     B-11268 1160406 23/02/2023 23/02/2023 Libro impreso antiguo